书目信息 |
| 题名: |
民居建筑
|
|
| 作者: | 白庚胜 主编 ;戴华刚 著 | |
| 分册: | ||
| 出版信息: | 北京 中国文联出版社 2008.09 |
|
| 页数: | 201页 | |
| 开本: | 26cm | |
| 丛书名: | 中国国粹艺术读本 | |
| 单 册: | ||
| 中图分类: | K928.79 | |
| 科图分类: | ||
| 主题词: | 民居--中国--普及读物 | |
| 电子资源: | ||
| ISBN: | 978-7-5059-5768-8 | |
| 000 | 00943nam 2200253 450 | |
| 001 | wxs-0816-0580 | |
| 005 | 20100705105818.81 | |
| 010 | @a978-7-5059-5768-8@dCNY32.80 | |
| 100 | @a20100515d2008 em y0chiy0110 ea | |
| 101 | 0 | @achi |
| 102 | @aCN@b110000 | |
| 105 | @ay z 000yy | |
| 200 | 1 | @a民居建筑@Amin ju jian zhu@f白庚胜主编@Fbai geng sheng zhu bian@g戴华刚著@Gdai hua gang zhu |
| 210 | @a北京@c中国文联出版社@d2008.09 | |
| 215 | @a201页@d26cm | |
| 225 | 2 | @a中国国粹艺术读本 |
| 330 | @a从穴居、巢居到筑居,从远至喜玛拉雅山脚下的碉楼,到东海之滨的黎族船屋;从黄土高原的窑洞,到遍布西南的吊脚楼;中国人都艺术地栖居在地球上。民居建筑够将引领你领略华夏五千年的栖息文化、生存智慧和民居建筑艺术。 | |
| 410 | 0 | @12001 @a中国国粹艺术读本 |
| 606 | 0 | @a民居@y中国@x普及读物 |
| 690 | @aK928.79@v4 | |
| 701 | 0 | @a白庚胜@Abai geng sheng@4主编 |
| 702 | 0 | @a戴华刚@Adai hua gang@4著 |
| 801 | 0 | @aCN@c20100515 |
| 905 | @dK928.79@eB120@f3 | |
| 民居建筑/白庚胜主编/戴华刚著.-北京:中国文联出版社,2008.09 |
| 201页;26cm.-(中国国粹艺术读本) |
| ISBN 978-7-5059-5768-8:CNY32.80 |
| 从穴居、巢居到筑居,从远至喜玛拉雅山脚下的碉楼,到东海之滨的黎族船屋;从黄土高原的窑洞,到遍布西南的吊脚楼;中国人都艺术地栖居在地球上。民居建筑够将引领你领略华夏五千年的栖息文化、生存智慧和民居建筑艺术。 |
| ● |
| 相关链接 |
|
|
|
正题名:民居建筑
索取号:K928.79/B120
 
预约/预借
| 序号 | 登录号 | 条形码 | 馆藏地/架位号 | 状态 | 备注 |
| 1 | 1574925 | 215749251 | 社科库309/309社科库 20排1列5层/ | 在馆 | |
| 2 | 989809 | 209898093 | 社科库309/309社科库 20排1列5层/ [索取号:K928.79/B120] | 在馆 | |
| 3 | 989811 | 209898119 | 社科库309/309社科库 20排1列5层/ [索取号:K928.79/B120] | 在馆 |